Essays in logic : from Aristotle to Russell /

Guardado en:
Otros Autores: Jager, Ronald. (Editor )
Formato: Libro
Idioma:English
Publicado: Englewood Cliffs, N.J. : Prentice-Hall, c1963.
Materias:
Etiquetas: Agregar Etiqueta
Sin Etiquetas, Sea el primero en etiquetar este registro!
LEADER 00706cam a22001815a 4500
001 MAT.inmabb004445
008 740103s1963####nju###########000#0#eng##
005 20160523145009.0
245 1 0 |a Essays in logic :  |b from Aristotle to Russell /  |c selected and edited by Ronald Jager. 
260 |a Englewood Cliffs, N.J. :  |b Prentice-Hall,  |c c1963. 
300 |a viii, 180 p. ;  |c 22 cm. 
500 |a Autores incluídos: Aristóteles, John Stuart Mill, Lewis Carroll, John Dewey, Bertrand Russell, Henry B. Veatch, Gilbert Ryle. 
700 1 |a Jager, Ronald.  |4 edt 
084 |a 03-03 (03A05 01A75)  |2 msc2000 
650 0 |a Logic. 
010 |a  63007922  
040 |a DLC  |c MeB  |d OCoLC  |d DLC 
859 |h 03  |i Es78  |p A-2914  |b BIB. MATEMATICA